| 000 | 00427nam a22001575i 4500 | ||
|---|---|---|---|
| 001 | 172056 | ||
| 003 | ES-MaACL | ||
| 005 | 20230906214814.0 | ||
| 008 | 090612s1909 fr |||| | fre d | ||
| 100 | 1 |
_aSouriau, Paul. _9132855 |
|
| 245 | 1 | 3 |
_aLa Suggestion dans l'art / _cpar Paul Souriau. |
| 250 | _a2e éd. revue. | ||
| 260 |
_aParis : _bFélix Alcan, _c1909. |
||
| 300 |
_a316 p. ; _c23 cm. |
||
| 852 |
_aES-MaACL _jB-7165 |
||
| 999 |
_c172056 _d172056 |
||